000 00751nam a2200217 a 4500
001 000041969
005 20201002035847.0
008 090819s1993 sp a 000 0 spa d
020 _a8400065239
040 _aDO-SdBNP
_bspa
_cBNPHU
082 _axxx
_bxxx
245 0 0 _aParasitología molecular /
_ccoordinador Luis Rivas López, Manuel Carlos López López.
260 _aMadrid :
_bCSIC,
_c1993.
300 _a430 p. :
_bil., ;
_c25 cm.
490 1 _aNuevas tendencias
_v24
504 _aIncluye bibliografía al final de los capítulo
700 1 _aRivas, Luis
_ecoor.
_968898
700 1 2 _aLópez López, Manuel Carlos
_ecoor.
_968899
710 2 _aConsejo Superior de Investigaciones Científicas
_94786
830 0 _aNuevas tendencias
_n24
_968900
999 _c41458
_d41458